000 01025cam a2200313 4500
001 1720
010 _a9728146469
021 _aPT
_b93131/95
090 _a1720
100 _a20240716d2001 m||y0pory5003 ba
101 _apor
102 _aPT
200 _aCalendário da gravidez
_eo livro de cabeceira da futura mãe
_fBirgitt von Maltzahn
_gtrad. Cristina Cunha
_gnotas, superv. Glória Marreiros
_gil. Cornelia von Seidlein
205 _a4ª edição
210 9 _aPorto
_cCampo das Letras
_d2001
215 _a231 p.
_cil.
_d21 cm
225 _aCampo da saúde
_v1
300 _aBMB-Registado
304 _aTít. orig.: Der Schwangerschafts - Kalender
606 _92052
_aObstetrícia
606 _92053
_aFisiologia da gravidez
606 _92054
_aPatologia do parto
675 _a618.2
_vBMB
_zpor
700 _aMaltzahn
_bBirgitt von
_92055
702 _aCunha
_bCristina
_4730
_92056
702 _aMarreiros
_bGlória
_f1929-
_4640
_92057
702 _aSeidlein
_bCornelia von
_4440
_92058
801 _aPT
_bBMB
_gRPC
990 _cLIVROS